Music Quiz

Random Music or Kpop Quiz
Score 0/18 Timer 05:00
0 Plays Today
Hint Answer % Correct
EXOGrowl
92.8%
HenryTrap
85%
InfiniteDestiny
75.5%
BeastShadow
75.2%
Teen TopRocking
71.8%
BAPBadman
69%
f(x)Rum pum pum pum
66.8%
B1A4What's happening
65.4%
2NE1Do you love me
64.6%
Hint Answer % Correct
Nu'estSleep talking
57.2%
AileeU&I
53.1%
Jay ParkJoah
45%
KaraDamaged lady
42.7%
Kim Hyun JoongUnbreakable
38.7%
TastyMaMaMa
31.9%
Xia JunsuIncredible
28.4%
BigstarRun&Run
27.2%
Mr.MrWaiting for you
9.9%
Remove Ads.
Support Sporcle.
Get the best of Sporcle when you Go Orange. This ad-free experience offers more features, more stats, and more fun while also helping to support Sporcle. Thank you for becoming a member.

You're not logged in!

Compare scores with friends on all Sporcle quizzes.
OR
Log In

Show Comments

Extras

Created Sep 22, 2013ReportNominate
Tags:Kpop Quiz, Kpop Quiz

Top Quizzes Today


Score Distribution

Your Account Isn't Verified!

In order to create a playlist on Sporcle, you need to verify the email address you used during registration. Go to your Sporcle Settings to finish the process.

Report this User

Report this user for behavior that violates our Community Guidelines.

Details: